| 000 | 01082nam0a22002411i 4500 | ||
|---|---|---|---|
| 001 | rc\1032569 | ||
| 005 | 20240723200201.0 | ||
| 035 | _a(NLR Aleph) 006196024 | ||
| 090 |
_a6216818 _c6216818 |
||
| 100 | _a20041129d1981 u |0rusy50 ca | ||
| 101 | 0 | _arus | |
| 102 | _aRU | ||
| 105 | _ay ||||||||| | ||
| 200 | 1 |
_aИсследование и выбор параметров упрочняющей крепи горизонтальных выработок рудных шахт _e(На прим. Североурал. бокситового рудника) _eАвтореф. дис. на соиск. учен. степ. канд. техн. наук _e(05.15.04) |
|
| 210 |
_aЛ. _d1981 |
||
| 215 | _a19 с. | ||
| 300 | _aВ надзаг.: Ленингр. горн. ин-т им. Г.В. Плеханова. Специализир. совет Д.063.15.01 | ||
| 320 | _aБиблиогр.: с. 19 (5 назв.) | ||
| 700 | 1 |
_aТрушко _bВ.Л. _gВладимир Леонидович |
|
| 801 | 0 |
_aRU _bNLR _gpsbo |
|
| 801 | 1 |
_aRU _bELAR _2rusmarc |
|
| 852 |
_aNLR _j82-4/21212 |
||
| 942 | _cBOOK | ||